000 00569nam a2200229Ia 4500
003 OSt
005 20221006144717.0
006 a|||||r|||| 00| 0
007 ta
008 221006b |||||||| |||| 00| 0 hin d
024 _a12,457
037 _bGift,
_cTextual
040 _aEASL
_cEASL
_bhin
041 _2hin
_ahin
082 _aV41.N80, M1
100 _aLEo Sachi
_9652669
245 0 _aAache communist kaise bane
260 _c1981
300 _a114p.
_ccm.
942 _hV41.N80, M1
_cTEXL
_2CC
999 _c1080543
_d1080543